书目信息 |
| 题名: |
螺旋藻生物学及生物技术原理
|
|
| 作者: | 胡鸿钧 | |
| 分册: | ||
| 出版信息: | 北京 科学出版社 2003 |
|
| 页数: | 181 | |
| 开本: | 23cm | |
| 丛书名: | ||
| 单 册: | ||
| 中图分类: | Q949.22 | |
| 科图分类: | ||
| 主题词: | 植物分类学 | |
| 电子资源: | ||
| ISBN: | 7-03-011378-0 | |
| 000 | 00543nam0 2200181 450 | |
| 001 | 0741144344 | |
| 005 | 20070817112544.34 | |
| 010 | @a7-03-011378-0@d¥28.00 | |
| 100 | @a20070817d km y0chiy0120 ea | |
| 101 | 0 | @achi |
| 200 | 1 | @a螺旋藻生物学及生物技术原理@Aluo xuan zao sheng wu xue ji sheng wu ji shu yuan li@f胡鸿钧@Fhu hong jun |
| 210 | @a北京@c科学出版社@d2003 | |
| 215 | @a181@c彩图@d23cm | |
| 606 | 0 | @a植物分类学 |
| 690 | @aQ949.22@v3 | |
| 701 | 0 | @a胡鸿钧@Ahu hong jun |
| 801 | 0 | @aCN@bPFT@c20070817 |
| 905 | @a213230@dQ949.22@en1@f1 | |
| 螺旋藻生物学及生物技术原理/胡鸿钧.-北京:科学出版社,2003 |
| 181:彩图;23cm |
| ISBN 7-03-011378-0:¥28.00 |
| ● |
| 相关链接 |
|
|
|
|
正题名:螺旋藻生物学及生物技术原理
索取号:Q949.22/n1
 
预约/预借
| 序号 | 登录号 | 条形码 | 馆藏地/架位号 | 状态 | 备注 |
| 1 | 6601229 | 266012290 | 密集书库-生命科学系/ [索取号:Q949.22/n1] | 在馆 |